=LDR 00000nam 2200000 4500 =001 INLIS000000000033460 =005 20130612135419 =008 ***********************************ind** =035 ##$$0010-061300000033460 =041 ##$$a ind =082 ##$$a 808.02 =090 ##$$a 808.02, Sem,b =100 ##$$a Semi,M.Atar , Prof.Drs =245 ##$$a Berlatih Menjadi Wartawan Kecil, Prof. Drs.M.Atar Semi =260 ##$$a 1994 $b Bandung =300 ##$$a iii,118 hlm., Illus., 1994 =650 ##$$a Kepengarangan =850 ##$$a NBPNMAT